LEADER 02712nam 2200673Ia 450 001 9910458320203321 005 20200520144314.0 010 $a0-292-79353-7 035 $a(CKB)2560000000007571 035 $a(OCoLC)497122373 035 $a(CaPaEBR)ebrary10340891 035 $a(SSID)ssj0000335328 035 $a(PQKBManifestationID)11241425 035 $a(PQKBTitleCode)TC0000335328 035 $a(PQKBWorkID)10272676 035 $a(PQKB)10081861 035 $a(MiAaPQ)EBC3443437 035 $a(MdBmJHUP)muse19314 035 $a(Au-PeEL)EBL3443437 035 $a(CaPaEBR)ebr10340891 035 $a(EXLCZ)992560000000007571 100 $a20090225d2009 ub 0 101 0 $aeng 135 $aurcn||||||||| 181 $ctxt 182 $cc 183 $acr 200 10$aBorder renaissance$b[electronic resource] $ethe Texas centennial and the emergence of Mexican American literature /$fJohn Mora?n Gonza?lez 205 $a1st ed. 210 $aAustin $cUniversity of Texas Press$d2009 215 $a1 online resource (276 p.) 225 1 $aCMAS history, culture, & society series 300 $aBibliographic Level Mode of Issuance: Monograph 311 $a0-292-71978-7 320 $aIncludes bibliographical references and index. 327 $aTexanizing Texans: Texas centennial discourses of racial pedagogy -- This is our grand lone star state: reclaiming Texas history in Elena Zamora O'Shea's El mesquite -- Forging bicultural U.S. citizenship: LULAC and the making of Mexican American aesthetics -- A Mexico-Texan interlude: Americo Paredes, border modernity, and the demise of patriarchal anticolonialism -- Mujeres fronterizas: writing tejana agency into the Texas centennial era. 410 0$aCMAS history, culture, & society series. 606 $aAmerican literature$xMexican American authors$xHistory and criticism 606 $aMexican Americans in literature 606 $aRace in literature 606 $aMexican Americans$xIntellectual life$y20th century 606 $aLiterature and history$zTexas 607 $aTexas$xIn literature 607 $aTexas$xCentennial celebrations, etc 608 $aElectronic books. 615 0$aAmerican literature$xMexican American authors$xHistory and criticism. 615 0$aMexican Americans in literature. 615 0$aRace in literature. 615 0$aMexican Americans$xIntellectual life 615 0$aLiterature and history 676 $a810.9/86872 700 $aGonza?lez$b John Mora?n$0948543 801 0$bMiAaPQ 801 1$bMiAaPQ 801 2$bMiAaPQ 906 $aBOOK 912 $a9910458320203321 996 $aBorder renaissance$92144139 997 $aUNINA LEADER 00581nam 2200169z- 450 001 9910693768303321 035 $a(CKB)4970000000026765 035 $a(EXLCZ)994970000000026765 100 $a20240129c2003uuuu -u- - 101 0 $aeng 200 00$aEnvironmental protection : federal planning requirements for transportation and air quality protection could potentially be more efficient and better linked 210 $aWashington, D.C 517 $aEnvironmental Protection 906 $aDOCUMENT 912 $a9910693768303321 996 $aEnvironmental protection$958404 997 $aUNINA